| 000 | 00573nam a22001937a 4500 | ||
|---|---|---|---|
| 003 | KOHA_MİRAKIL | ||
| 005 | 20251126140859.0 | ||
| 008 | 251126b tu ||||| |||| 00| 0 tur d | ||
| 020 | _a9786052951569 | ||
| 040 |
_aTR-AnABB _btur _cTR-AnABB |
||
| 041 | _atur | ||
| 082 |
_a891.733 _bCEH 2019 |
||
| 100 | 1 | _aÇehov, Anton Pavloviç, | |
| 245 | 1 | 0 |
_aAltıncı koğuş / _cAnton Pavloviç Çehov |
| 260 |
_aİstanbul : _bTürkiye İş Bankası Kültür Yayınları, _c2019 |
||
| 300 |
_a68 sayfa ; _c21 cm |
||
| 650 | 0 | 4 | _aRus edebiyatı, roman |
| 942 |
_2ddc _cBK |
||
| 999 |
_c9645 _d9645 |
||
| 900 | _bGizem YORULMAZ | ||